Skład reprezentacji Polski kobiet na Igrzyskach Olimpijskich 2024 - Statystyki

Ogólne statystyki
  • Ten quiz został rozwiązany 206 razy
  • Średni wynik to 8 z 12
Statystyki odpowiedzi
Numer Imię i nazwisko Wzrost Klub Pozycja % Poprawnych
9 Magdalena Stysiak 203 cm Fenerbahçe Opet Stambuł Atakująca
96%
5 Agnieszka Korneluk 199 cm Grupa Azoty Chemik Police Środkowa
92%
1 Maria Stenzel 167 cm ŁKS Commercecon Łódź Libero
83%
14 Joanna Wołosz 181 cm Imoco Volley Conegliano Rozgrywająca
79%
11 Martyna Łukasik 190 cm Prosecco Doc Imoco Conegliano Przyjmująca
77%
17 Malwina Smarzek 191 cm Wash4Green Pinerolo Atakująca
74%
12 Aleksandra Szczygłowska 172 cm KS DevelopRes Rzeszów Libero
68%
26 Katarzyna Wenerska 180 cm Developres Bella Dolina Rzeszów Rozgrywająca
62%
3 Klaudia Alagierska-Szczepaniak 190 cm ŁKS Commercecon Łódź Środkowa
54%
95 Magdalena Jurczyk 183 cm Developres Bella Dolina Rzeszów Środkowa
50%
15 Martyna Czyrniańska 191 cm Bahçelievler Belediyesi Przyjmująca
50%
41 Natalia Mędrzyk 184 cm ŁKS Commercecon Łódź Przyjmująca
46%
Nie znaleziono quizów pasujących do podanych kryteriów
Rozkład punktacji
Procent ludzi z każdym wynikiem
Percentyl według liczby udzielonych odpowiedzi
Twoja historia wyników
Nie rozwiązałeś tego quizu